[Event "CAN-ch U08"]
[Site "Sault Ste Marie"]
[Date "2017.07.06"]
[Round "2"]
[White "Pugach, Daniel"]
[Black "Brunet, Nicolas"]
[Result "1-0"]
[WhiteElo "748"]
[BlackElo "586"]
[PlyCount "69"]
[EventDate "2017.07.06"]
[EventType "swiss"]
[EventRounds "7"]
[EventCountry "CAN"]
[SourceTitle "EXT 2022"]
[Source "ChessBase"]
[SourceDate "2021.10.06"]
[SourceVersion "1"]
[SourceVersionDate "2021.10.06"]
[SourceQuality "1"]

1. e4 e5 2. Nf3 d6 3. Bc4 Bg4 4. Nc3 Qg5 5. 0-0 Nc6 6. Nxg5 Bxd1 7. Rxd1 Nd4 8. d3 Be7 9. Nxf7 h5 10. Nxh8 g5 11. Bxg8 0-0-0 12. Nd5 Rxg8 13. Nxe7+ Kd8 14. Nxg8 h4 15. Bxg5+ Ke8 16. Nf6+ Ke7 17. Ng6+ Kd8 18. Nf8 Ke7 19. Re1 Kxf8 20. Re3 Kf7 21. Bxh4 Nxc2 22. Rf3 Nxa1 23. Nd5+ Ke8 24. Nxc7+ Kd7 25. Rf7+ Kc6 26. b4 Nc2 27. b5+ Kc5 28. f3 a5 29. Bf2+ Nd4 30. a3 Kb6 31. Nd5+ Kxb5 32. Rxb7+ Ka4 33. Nc3+ Kxa3 34. Be3 Nc2 35. Bc1# 1-0